000 00434nam a2200157Ia 4500
008 230312s9999||||xx |||||||||||||| ||und||
020 _a0-15-520904-3
082 _a658.024
_bHOD-E
100 _aRichard M. Hodgetts
245 0 _aEffective Small Business Management
260 _bHarcourt Brace College
_aNew York
_c1992
300 _a634
546 _aEng.
650 _aManagement
_vGetting into Small Business
942 _cBK
999 _c1063
_d1063